Tilastot visalle Israel-visa

Klikkaa tästä pelataksesi tätä visaa!

Yleistilastot

  • Tätä visaa on pelattu 415 kertaa
  • Keskiarvotulos 10 / 20

Vastaustilastot

VihjeVastaus% Oikein
Kaupunki, joka on laillisesti Israelin pääkaupunki, vaikka monet maat eivät tunnusta sitäJerusalem
97%
Kaksi merta, joiden rannikolla Israel sijaitseeVälimeri
88%
Kaksi merta, joiden rannikolla Israel sijaitseePunainenmeri
79%
Virallinen kieliHeprea
77%
Asia, joka esiintyy lipussa{Daavidin}tähti
75%
Suolajärvi, johon yllä oleva virtaaKuollutmeri
66%
Kaksi väkirikkainta kaupunkia Israelin rannikollaTel Aviv
66%
Niemimaa, jonka Israel palautti Egyptille vuonna 1982Siinai
53%
Joki, joka muodostaa Israelin itäisen rajanJordan
39%
Israelin pääministeri vuodesta 2009 lähtienBenjamin Netanjahu
37%
Suosittu lomakohdekaupunki yllä olevan rannallaEilat
37%
Alue, jonka Israel otti Syyrialta vuonna 1967{Golanin} kukkulat
37%
Kaksi väkirikkainta kaupunkia Israelin rannikollaHaifa
34%
Israelin tiedustelupalvelun nimiMossad
33%
Vuoden 1967 sotaKuuden päivän sota
31%
ValuuttaSekeli
30%
Vuoden 1973 sotaJom kippur -sota
29%
Suuri murtovesijärvi, jonka halki tuo joki virtaaGenesaretinjärvi
27%
Israelin lainsäädäntöelimen nimiKnesset
21%
Autiomaa, joka käsittää Israelin eteläosatNegev
19%

Tulosjakauma

Persentiili vastausten määrän mukaan

Jokaisen tuloksen saaneiden osuus

Tuloshistoriasi

Et ole pelannut tätä visaa